|
|
|
|
| LEADER |
02336nim a2200625 i 4500 |
| 001 |
001749441 |
| 003 |
CZ BrMZK |
| 005 |
20200615114111.0 |
| 007 |
sd fungnnmmned |
| 008 |
200518t20202020xr ||nne f n cze |
| 024 |
3 |
|
|a 8594186120413
|
| 040 |
|
|
|a BOA001
|b cze
|e rda
|
| 041 |
1 |
|
|a cze
|h ger
|
| 043 |
|
|
|a e-ru---
|
| 072 |
|
7 |
|a 913(4)
|x Geografie Evropy, reálie, cestování
|2 Konspekt
|9 7
|
| 080 |
|
|
|a 910.4
|2 MRF
|
| 080 |
|
|
|a 394
|2 MRF
|
| 080 |
|
|
|a 908(470+571)
|2 MRF
|
| 080 |
|
|
|a (470+571)
|2 MRF
|
| 080 |
|
|
|a (0:82-992)
|2 MRF
|
| 080 |
|
|
|a (086.7)08
|2 MRF
|
| 080 |
|
|
|a (086.76)
|2 MRF
|
| 100 |
1 |
|
|a Orth, Stephan,
|d 1979-
|7 xx0151580
|4 aut
|
| 240 |
1 |
0 |
|a Couchsurfing in Russland.
|l Česky
|
| 245 |
1 |
0 |
|a Couchsurfing v Rusku, aneb, Jak jsem málem začal rozumět Putinovi /
|c Stephan Orth ; z německého originálu Couchsurfing in Russland. Wie ich fast zum Putin-Vesteher wurde přeložil David Krásenský
|
| 246 |
3 |
0 |
|a Jak jsem málem začal rozumět Putinovi
|
| 246 |
1 |
|
|i Název na hřbetu pouzdra:
|a Couchsurfing v Rusku
|
| 264 |
|
1 |
|a [Brno] :
|b Kazda,
|c 2020
|
| 264 |
|
4 |
|c ©2020
|
| 300 |
|
|
|a 1 audiodisk (8 hod., 58 min.) ;
|c 12 cm
|
| 306 |
|
|
|a 085800
|
| 336 |
|
|
|a mluvené slovo
|b spw
|2 rdacontent
|
| 337 |
|
|
|a audio
|b s
|2 rdamedia
|
| 338 |
|
|
|a audiodisk
|b sd
|2 rdacarrier
|
| 344 |
|
|
|a digital
|b optical
|2 rda
|
| 347 |
|
|
|a audio soubor
|b MP3
|2 rda
|
| 500 |
|
|
|a Název z disku
|
| 500 |
|
|
|a Podle stejnojmenné knihy vydané nakladatelstvím Kazda v roce 2018
|
| 500 |
|
|
|a Nezkrácená verze na 1 mp3 CD
|
| 500 |
|
|
|a Natočeno ve spolupráci s nakladatelstvím Bookmedia
|
| 508 |
|
|
|a Režie Miloš Vrána
|
| 511 |
0 |
|
|a Čte Zdeněk Kupka
|
| 650 |
0 |
7 |
|a cesty a pobyt
|7 ph137578
|z Rusko
|2 czenas
|
| 650 |
0 |
7 |
|a každodenní život
|7 ph121555
|z Rusko
|2 czenas
|
| 651 |
|
7 |
|a Rusko
|7 ge128566
|x vlastivěda
|2 czenas
|
| 655 |
|
7 |
|a cestopisy
|7 fd131956
|2 czenas
|
| 655 |
|
7 |
|a audioknihy
|7 fd119452
|2 czenas
|
| 655 |
|
7 |
|a kompaktní disky
|7 fd201991
|2 czenas
|
| 700 |
1 |
|
|a Krásenský, David
|7 ola2003204828
|4 trl
|
| 700 |
1 |
|
|a Vrána, Miloš
|7 xx0209201
|4 drt
|
| 700 |
1 |
|
|a Kupka, Zdeněk,
|d 1971-
|7 xx0245708
|4 nrt
|
| 910 |
|
|
|a BOA001
|b CDR-1446.734
|
| 990 |
|
|
|a AV
|
| 991 |
|
|
|b 202006
|c NOV
|
| 996 |
6 |
|
|b 2610823678
|c CDR-1446.734
|l MZK
|r Sklad / do 24 hodin
|n 0
|p p.v.
|w 001802148
|u 000010
|a 1
|e BOA001
|j MZK50
|s P
|